|
|
|
|
| LEADER |
00000nam a2200000Ii 4500 |
| 001 |
DIGDYK0036 |
| 003 |
NyNyDIG |
| 006 |
m o d |
| 007 |
cr ||||||||||| |
| 008 |
131101s2005 sp ob 000 0 spa d |
| 020 |
|
|
|z 8497727525
|
| 020 |
|
|
|z 9788497727525
|
| 035 |
|
|
|a (OCoLC)888264596
|
| 040 |
|
|
|a DGITA
|b eng
|e pn
|c DGITA
|
| 050 |
1 |
4 |
|a RD598 eBook
|
| 245 |
0 |
0 |
|a Factores de riesgo en la cardiopatía isquémica /
|c editores: J. Esteban Hernández, JM. San Román Montero.
|
| 264 |
|
1 |
|a Madrid :
|b Universidad Rey Juan Carlos, Servicio de Publicaciones :
|b Editorial Dykinson, S.L.,
|c 2005.
|
| 300 |
|
|
|a 1 online resource (278 pages)
|
| 336 |
|
|
|a text
|b txt
|2 rdacontent
|
| 337 |
|
|
|a computer
|b c
|2 rdamedia
|
| 338 |
|
|
|a online resource
|b cr
|2 rdacarrier
|
| 490 |
1 |
|
|a Ciencias de la salud ;
|v 5.
|
| 504 |
|
|
|a Includes bibliographical references.
|
| 650 |
|
0 |
|a Myocardial infarction.
|
| 650 |
|
0 |
|a Myocardial revascularization.
|
| 655 |
|
0 |
|a Electronic books.
|
| 700 |
1 |
|
|a Esteban Hernández, J.
|
| 700 |
1 |
|
|a San Román Montero, J. M.
|
| 791 |
2 |
|
|a Digitalia (Firm),
|e distributor.
|
| 830 |
|
0 |
|a Ciencias de la salud (Universidad Rey Juan Carlos ;
|v 5.
|
| 793 |
0 |
|
|g Digitalia eBook Collection:
|a Dykinson Editorial
|
| 856 |
4 |
0 |
|3 Digitalia Hispánica
|u https://www.digitaliapublishing.com/a/6577/
|
| 910 |
|
|
|a Premium Collection: 2007-2012
|